Statystyki dla Sąsiedzi Polski

Kliknij tutaj aby rozwiązać quiz!

Ogólne statystyki

  • Ten quiz został rozwiązany 15,291 razy
  • Średni wynik to 7 z 7

Statystyki odpowiedzi

Answer % Correct
Niemcy
99%
Czechy
98%
Rosja
97%
Ukraina
96%
Litwa
95%
Słowacja
95%
Białoruś
94%

Rozkład punktacji

Percentyl według liczby udzielonych odpowiedzi

Procent ludzi z każdym wynikiem

Twoja historia wyników

Nie rozwiązałeś tego quizu